Yoga para todos : flexibilidad /
| Format: | VHS |
|---|---|
| Language: | English |
| Published: |
Buenos Aires
Natural Way Records
2012
|
MARC
| LEADER | 00000cgm a2200000 a 4500 | ||
|---|---|---|---|
| 001 | 031034 | ||
| 003 | UAHC_CL | ||
| 005 | 20170803123305.0 | ||
| 008 | 140820b xx j 000 1 eng | ||
| 040 | |a UAHC_CL |c UAHC_CL |d UAHC_CL | ||
| 245 | 1 | 0 | |a Yoga para todos : |b flexibilidad / |c Wai Lana. |
| 260 | |b Natural Way Records |a Buenos Aires |c 2012 | ||
| 900 | |a DVD-743 | ||
| 942 | |c VHS | ||
| 952 | |0 0 |1 0 |4 0 |6 DVD_743 |7 0 |8 General |9 60494 |a BS |b BS |c General |d 2017-08-03 |l 3 |m 1 |o DVD-743 |p 1420895 |r 2021-12-01 00:00:00 |s 2018-05-11 |t 1 |w 2017-08-03 |y DVD | ||
| 999 | |c 31034 |d 31034 | ||